000
00288nam a22001337a 4500
008
180125b xxu||||| |||| 00| 0 eng d
020
_a
0226317641
041
_a
eng
080
_a
91
100
_a
42
101
_a
GJEO
245
_a
The fragmented forest
_c
Harris,L.D
942
_2
udc
_c
BK
999
_c
40981
_d
40981